FIFA 20 or FIFA 2000? Quiz Stats

 Plays Quiz not verified by Sporcle

Score 0/40 Timer 02:00
23 Plays Today
Player FIFA 20 (A) or FIFA 2000 (B) % Correct
Virgil van Dijk???
93.7%
Luka Modrić???
93.5%
Kylian Mbappé???
93.3%
Paul Pogba???
93%
Mohamed Salah???
93%
Antoine Griezmann???
93%
Matthijs de Ligt???
93%
Christian Eriksen???
92.8%
Kevin De Bruyne???
92.8%
Son Heung-min???
92.5%
David Silva???
92.4%
Sergio Busquets???
92.1%
Marc-André ter Stegen???
91.9%
Manuel Neuer???
91.6%
Diego Godín???
91.5%
Giorgio Chiellini???
91.1%
Radja Nainggolan???
91.1%
Jaap Stam???
90.8%
Luis Figo???
90.6%
Juan Sebastián Verón???
90.5%
Player FIFA 20 (A) or FIFA 2000 (B) % Correct
Alessandro Nesta???
90.3%
Oliver Kahn???
90.3%
Rivaldo???
90.2%
Lorenzo Insigne???
90.2%
Thierry Henry???
89.9%
David Beckham???
89.7%
Michael Owen???
89.4%
Gabriel Batistuta???
89%
Hakim Ziyech???
89%
Andriy Shevchenko???
88.9%
Bruno Fernandes???
88.7%
Vincenzo Montella???
88.4%
Zinedine Zidane???
88.1%
Raúl González???
87.7%
Sol Campbell???
87.4%
Francesco Totti???
86.2%
Patrick Kluivert???
85.9%
Hidetoshi Nakata???
85%
Kim Byung-ji???
82.1%
Eddie Pope???
79.9%

You're not logged in!

Compare scores with friends on all Sporcle quizzes.
OR
Log In

Show Comments

Extras

Top Quizzes Today


Score Distribution

Your Account Isn't Verified!

In order to create a playlist on Sporcle, you need to verify the email address you used during registration. Go to your Sporcle Settings to finish the process.

Report this User

Report this user for behavior that violates our Community Guidelines.

Details: